[Event "I ITT Escola Politécnica"]
[Site "Escola Politécnica - USP - São"]
[Date "2012.12.03"]
[Round "1.1"]
[White "Marques, Joao Paulo Cassemiro"]
[Black "Maia, Luciano Malta"]
[Result "1/2-1/2"]
[WhiteElo "2250"]
[BlackElo "2290"]
[PlyCount "88"]
[EventDate "2012.12.03"]

1. e4 c5 2. Nf3 e6 3. d4 cxd4 4. Nxd4 Nf6 5. Nc3 Nc6 6. Ndb5 Bb4 7. a3 Bxc3+ 8.
Nxc3 d5 9. Bd3 d4 10. Ne2 e5 11. O-O O-O 12. b4 a6 13. Qe1 Re8 14. a4 a5 15. b5
Nb4 16. Bd2 Nxd3 17. cxd3 Nd7 18. f4 Nc5 19. Qg3 Nb3 20. Rad1 Nxd2 21. Rxd2 f6
22. fxe5 fxe5 23. Kh1 Qd6 24. Ng1 Be6 25. Nf3 Bb3 26. Nh4 Be6 27. Rdf2 Rac8 28.
h3 Rc7 29. Nf5 Bxf5 30. Rxf5 Rce7 31. Qf2 Rc7 32. Qa2+ Kh8 33. Rf7 h6 34. Rxc7
Qxc7 35. Qf7 Re7 36. Qf8+ Kh7 37. Kh2 Qd7 38. Rf5 Qe6 39. Qb8 b6 40. Rf8 Kg6
41. Rf5 Re8 42. Qc7 Re7 43. Qb8 Re8 44. Qc7 Re7 1/2-1/2

[Event "I ITT Escola Politécnica"]
[Site "Escola Politécnica - USP - São"]
[Date "2012.12.03"]
[Round "1.2"]
[White "Abdalla, Luiz Guilherme Aurel"]
[Black "Martins, Carlos"]
[Result "1-0"]
[WhiteElo "2322"]
[BlackElo "2241"]
[PlyCount "101"]
[EventDate "2012.12.03"]

1. d4 d6 2. Nf3 f5 3. g3 Nf6 4. Bg2 g6 5. c4 Bg7 6. O-O O-O 7. Nc3 c6 8. Rb1
Kh8 9. b4 Nbd7 10. b5 Nb6 11. Nd2 Qc7 12. a4 Be6 13. Qb3 d5 14. c5 Nbd7 15. Nf3
Nh5 16. Bg5 Rfe8 17. Na2 Bg8 18. bxc6 bxc6 19. Qb7 Rac8 20. Qxc7 Rxc7 21. Bd2
Nf8 22. Ba5 Rd7 23. Nb4 Rc8 24. Nd3 e6 25. Rb3 g5 26. e3 g4 27. Nfe5 Re7 28.
Rfb1 Ng6 29. Rb7 Rxb7 30. Rxb7 Bxe5 31. dxe5 Ng7 32. Rxa7 f4 33. gxf4 Nf5 34.
Bb6 Nge7 35. a5 Bf7 36. a6 Kg7 37. Rc7 Ra8 38. a7 Nc8 39. Nb4 Nfe7 40. Bf1 Be8
41. Ba6 Kf8 42. Bb7 Rxa7 43. Bxa7 Nxa7 44. Ba6 Nb5 45. Bxb5 cxb5 46. Rb7 h5 47.
Nc2 Nc6 48. Nd4 Na5 49. Nxe6+ Kg8 50. Rg7+ Kh8 51. Ra7 1-0

[Event "I ITT Escola Politécnica"]
[Site "Escola Politécnica - USP - São"]
[Date "2012.12.03"]
[Round "1.3"]
[White "Paveto, Kevin"]
[Black "Diaz Hollemaert, Nahuel"]
[Result "1/2-1/2"]
[WhiteElo "2302"]
[BlackElo "2398"]
[PlyCount "28"]
[EventDate "2012.12.03"]

1. e4 e5 2. Bc4 Nf6 3. Nc3 c6 4. Nf3 d5 5. exd5 e4 6. Ne5 cxd5 7. Bb5+ Bd7 8.
Nxd7 Nbxd7 9. d3 Bb4 10. dxe4 O-O 11. exd5 Bxc3+ 12. bxc3 Qa5 13. Bxd7 Qxc3+
14. Bd2 Qc4 1/2-1/2

[Event "I ITT Escola Politécnica"]
[Site "Escola Politécnica - USP - São"]
[Date "2012.12.03"]
[Round "1.4"]
[White "Quintiliano Pinto, Renato R"]
[Black "Blit, Jacques"]
[Result "0-1"]
[WhiteElo "2243"]
[BlackElo "2301"]
[PlyCount "110"]
[EventDate "2012.12.03"]

1. d4 e6 2. c4 Nf6 3. Nf3 Bb4+ 4. Nbd2 O-O 5. a3 Bxd2+ 6. Bxd2 d6 7. Qc2 Qe7 8.
Bg5 e5 9. e3 h6 10. Bh4 Bg4 11. Be2 c5 12. dxe5 dxe5 13. h3 Bd7 14. Rd1 Bc6 15.
Qf5 Nbd7 16. O-O Rfe8 17. Qc2 Rad8 18. Nd2 Nf8 19. Nb1 Ng6 20. Bxf6 Qxf6 21.
Nc3 Nh4 22. Nd5 Qg5 23. g3 e4 24. Nf4 Nf3+ 25. Bxf3 exf3 26. Rxd8 Rxd8 27. Rd1
Rxd1+ 28. Qxd1 Qf6 29. Qd2 g5 30. Nd5 Qe5 31. Qc3 Qxc3 32. Nxc3 f5 33. g4 Bd7
34. gxf5 Bxf5 35. Kh2 Bd3 36. b3 Kf7 37. Kg3 Be2 38. Ne4 b6 39. Nd2 Bd1 40. b4
cxb4 41. axb4 h5 42. Nxf3 h4+ 43. Kg2 Kf6 44. b5 Be2 45. Nd2 Ke5 46. f3 Bd3 47.
e4 Kd4 48. Kf2 Bxc4 49. Nxc4 Kxc4 50. Ke3 Kxb5 51. Kd4 Kc6 52. Ke5 a5 53. Kd4
b5 54. Kc3 Kc5 55. Kb3 a4+ 0-1

[Event "I ITT Escola Politécnica"]
[Site "Escola Politécnica - USP - São"]
[Date "2012.12.03"]
[Round "1.5"]
[White "Villalba, Marcelo"]
[Black "Gotz, Klaus Seiji Furucho"]
[Result "1/2-1/2"]
[WhiteElo "2198"]
[BlackElo "2068"]
[PlyCount "71"]
[EventDate "2012.12.03"]

1. e4 c5 2. Nf3 g6 3. d4 cxd4 4. Nxd4 Bg7 5. Nb3 Nc6 6. Be2 Nf6 7. Nc3 O-O 8.
O-O d6 9. Bg5 Be6 10. Kh1 Na5 11. f4 Bc4 12. Nxa5 Bxe2 13. Qxe2 Qxa5 14. Bxf6
Bxf6 15. Nd5 Rfe8 16. c3 Bg7 17. Qf3 e6 18. Ne3 b5 19. a3 Qb6 20. f5 a5 21. Ng4
Qb7 22. Qh3 exf5 23. exf5 Re2 24. Rf3 Rae8 25. Qh4 Qe4 26. Raf1 Re1 27. fxg6
Rxf1+ 28. Rxf1 hxg6 29. Nf6+ Bxf6 30. Qxf6 Qe6 31. h3 Qxf6 32. Rxf6 Re2 33.
Rxd6 Rxb2 34. Ra6 a4 35. c4 bxc4 36. Rxa4 1/2-1/2

[Event "I ITT Escola Politécnica"]
[Site "Escola Politécnica - USP - São"]
[Date "2012.12.04"]
[Round "2.1"]
[White "Maia, Luciano Malta"]
[Black "Gotz, Klaus Seiji Furucho"]
[Result "0-1"]
[WhiteElo "2290"]
[BlackElo "2068"]
[PlyCount "98"]
[EventDate "2012.12.03"]

1. d4 Nf6 2. Nf3 g6 3. c4 Bg7 4. Nc3 O-O 5. e4 d6 6. Be2 e5 7. O-O c6 8. Be3
exd4 9. Bxd4 Re8 10. Qc2 Qe7 11. Rfe1 Na6 12. Bf1 Ng4 13. Bxg7 Kxg7 14. Rad1
Be6 15. Nd4 Qh4 16. h3 Ne5 17. b3 Bxh3 18. gxh3 c5 19. Ndb5 Nf3+ 20. Kg2 Nxe1+
21. Rxe1 Re5 22. Re3 Nb4 23. Qd1 Rd8 24. Nxa7 Nxa2 25. Nxa2 Rg5+ 26. Rg3 Rxg3+
27. fxg3 Qxe4+ 28. Qf3 Qc2+ 29. Qf2 Qxf2+ 30. Kxf2 Ra8 31. Nc3 Rxa7 32. Na4 Kf6
33. Bg2 Ke5 34. Ke3 f5 35. h4 h6 36. Bf3 g5 37. h5 f4+ 38. gxf4+ gxf4+ 39. Kd3
Ra8 40. Nb6 Rg8 41. Nd7+ Kf5 42. Be4+ Kg5 43. Bxb7 Rd8 44. Bc6 Kxh5 45. Ke4 Kg5
46. Kf3 h5 47. Bb5 Re8 48. Nb6 Re3+ 49. Kf2 Rxb3 0-1

[Event "I ITT Escola Politécnica"]
[Site "Escola Politécnica - USP - São"]
[Date "2012.12.04"]
[Round "2.2"]
[White "Blit, Jacques"]
[Black "Villalba, Marcelo"]
[Result "1-0"]
[WhiteElo "2301"]
[BlackElo "2198"]
[PlyCount "55"]
[EventDate "2012.12.03"]

1. e4 c5 2. Nf3 g6 3. d4 cxd4 4. Nxd4 Bg7 5. c4 Nc6 6. Be3 Nf6 7. Nc3 d6 8. f3
O-O 9. Qd2 Nxd4 10. Bxd4 Bd7 11. Be2 Bc6 12. O-O a5 13. b3 Nd7 14. Be3 Nc5 15.
Rab1 Qb6 16. Rfc1 Qb4 17. Qb2 Bxe4 18. fxe4 Nxe4 19. a3 Nxc3 20. axb4 axb4 21.
Bf3 Nxb1 22. Qxb1 Rab8 23. Qd3 b6 24. Qd2 Bc3 25. Rxc3 bxc3 26. Qxc3 e5 27. Bh6
Rfe8 28. Bc6 1-0

[Event "I ITT Escola Politécnica"]
[Site "Escola Politécnica - USP - São"]
[Date "2012.12.04"]
[Round "2.3"]
[White "Diaz Hollemaert, Nahuel"]
[Black "Quintiliano Pinto, Renato R"]
[Result "1/2-1/2"]
[WhiteElo "2398"]
[BlackElo "2243"]
[PlyCount "135"]
[EventDate "2012.12.03"]

1. c4 c5 2. Nc3 g6 3. h4 h6 4. b3 Bg7 5. Bb2 Nc6 6. g3 e5 7. Bg2 d6 8. e3 Nge7
9. d3 Be6 10. Nd5 Rb8 11. Ne2 O-O 12. Qd2 Re8 13. Nec3 a6 14. O-O b5 15. Rae1
Nf5 16. Ne4 Bxd5 17. cxd5 Nce7 18. Nc3 Qa5 19. h5 gxh5 20. Bh3 c4 21. Qd1 b4
22. Ne4 c3 23. Bc1 Qxa2 24. Qxh5 Qxb3 25. g4 Nh4 26. Qxh4 Qxd5 27. g5 Ng6 28.
Qh5 hxg5 29. Bg2 Qa5 30. Nxg5 d5 31. e4 b3 32. exd5 b2 33. Qh7+ Kf8 34. Ne6+
Rxe6 35. Bh6 Bxh6 36. Qxh6+ Ke7 37. dxe6 c2 38. exf7 b1=Q 39. Qg7 Nf8 40. Rxe5+
Qxe5 41. Qxe5+ Ne6 42. Qe3 Qb6 43. d4 Qxd4 44. Be4 Qg7+ 45. Qg3 Qxg3+ 46. fxg3
Rc8 47. f8=Q+ Nxf8 48. Rc1 Rc4 49. Bxc2 Ne6 50. Kf2 a5 51. Ke2 Rc3 52. g4 Rc4
53. Kd2 Rxg4 54. Bf5 Rg2+ 55. Kc3 Nc5 56. Kc4 Nb7 57. Kb3 Nd6 58. Bb1 Rg4 59.
Bd3 Rb4+ 60. Kc3 Rb7 61. Ra1 Ra7 62. Kd4 Kd7 63. Kc5 Rc7+ 64. Kd4 Nb7 65. Rh1
Nd6 66. Rh7+ Kc8 67. Rxc7+ Kxc7 68. Kc5 1/2-1/2

[Event "I ITT Escola Politécnica"]
[Site "Escola Politécnica - USP - São"]
[Date "2012.12.04"]
[Round "2.4"]
[White "Martins, Carlos"]
[Black "Paveto, Kevin"]
[Result "0-1"]
[WhiteElo "2241"]
[BlackElo "2302"]
[PlyCount "90"]
[EventDate "2012.12.03"]

1. f4 d5 2. Nf3 Nc6 3. d4 f6 4. c4 e6 5. Nc3 Bb4 6. e3 Nge7 7. Qc2 e5 8. cxd5
Qxd5 9. Bd2 Bxc3 10. bxc3 Bf5 11. Qb3 exf4 12. exf4 O-O-O 13. Qxd5 Nxd5 14. Kf2
Nb6 15. Re1 Na5 16. h3 Rhe8 17. Rxe8 Rxe8 18. g4 Be4 19. Be2 Bd5 20. Bd3 Nac4
21. Bc1 Na4 22. Bxh7 Nxc3 23. Re1 Rxe1 24. Nxe1 Nxa2 25. Be3 Nc3 26. Bc1 a5 27.
Bd3 Nd6 28. Ke3 b6 29. h4 Bf7 30. f5 b5 31. g5 fxg5 32. hxg5 Kd7 33. Nf3 a4 34.
Ne5+ Ke8 35. Kd2 b4 36. Nxf7 Kxf7 37. Kc2 Nd5 38. Bd2 b3+ 39. Kb2 Nb6 40. Bb4
Ndc4+ 41. Kc3 Ne3 42. Bc5 Nbd5+ 43. Kb2 c6 44. Be4 Nc4+ 45. Ka1 b2+ 0-1

[Event "I ITT Escola Politécnica"]
[Site "Escola Politécnica - USP - São"]
[Date "2012.12.04"]
[Round "2.5"]
[White "Marques, Joao Paulo Cassemiro"]
[Black "Abdalla, Luiz Guilherme Aurel"]
[Result "0-1"]
[WhiteElo "2250"]
[BlackElo "2322"]
[PlyCount "94"]
[EventDate "2012.12.03"]

1. e4 c5 2. Nf3 e6 3. d4 cxd4 4. Nxd4 Nc6 5. Nc3 d6 6. Be2 Nf6 7. Be3 Be7 8.
Qd2 O-O 9. O-O-O a6 10. Kb1 Qc7 11. g4 Nxd4 12. Bxd4 b5 13. Bxf6 Bxf6 14. Qxd6
Qxd6 15. Rxd6 Be5 16. Rdd1 Bb7 17. Bd3 Bxc3 18. bxc3 Rac8 19. Kb2 Rc7 20. f3
Rfc8 21. Be2 Rxc3 22. Rd8+ Rxd8 23. Kxc3 Rc8+ 24. Kb3 Kf8 25. Rc1 Ke7 26. Kb4
g5 27. Bd3 Kf6 28. c4 Ke5 29. c5 Kd4 30. Bb1 Ke3 31. Ka5 Rc6 32. e5 Rc8 33. Be4
Bxe4 34. fxe4 Rc6 35. Kb4 Kxe4 36. Re1+ Kd5 37. Re2 a5+ 38. Kxa5 Kxc5 39. Rf2
Kd4 40. Kxb5 Rc5+ 41. Kb6 Rxe5 42. a4 f5 43. gxf5 exf5 44. a5 f4 45. Rd2+ Ke3
46. Rd7 f3 47. Rxh7 f2 0-1

[Event "I ITT Escola Politécnica"]
[Site "Escola Politécnica - USP - São"]
[Date "2012.12.05"]
[Round "3.1"]
[White "Abdalla, Luiz Guilherme Aurel"]
[Black "Maia, Luciano Malta"]
[Result "1/2-1/2"]
[WhiteElo "2322"]
[BlackElo "2290"]
[PlyCount "20"]
[EventDate "2012.12.03"]

1. d4 d5 2. c4 c6 3. cxd5 cxd5 4. Nc3 Nf6 5. Nf3 Nc6 6. Bf4 Bf5 7. e3 e6 8. Bd3
Bg4 9. h3 Bxf3 10. Qxf3 Bd6 1/2-1/2

[Event "I ITT Escola Politécnica"]
[Site "Escola Politécnica - USP - São"]
[Date "2012.12.05"]
[Round "3.2"]
[White "Paveto, Kevin"]
[Black "Marques, Joao Paulo Cassemiro"]
[Result "0-1"]
[WhiteElo "2302"]
[BlackElo "2250"]
[PlyCount "120"]
[EventDate "2012.12.03"]

1. e4 c5 2. Nf3 g6 3. h4 h5 4. d4 cxd4 5. Nxd4 Bg7 6. Be3 Nf6 7. f3 Nc6 8. Nxc6
bxc6 9. c4 d5 10. cxd5 cxd5 11. e5 Ng8 12. Bb5+ Kf8 13. f4 Be6 14. Nc3 Nh6 15.
Qd2 Kg8 16. O-O Kh7 17. Rad1 Bg4 18. Rc1 Nf5 19. Bf2 e6 20. g3 Qa5 21. Bc6 Rab8
22. b3 Rhc8 23. Ne4 Qxd2 24. Nxd2 Rc7 25. Ba4 Rbc8 26. Rxc7 Rxc7 27. b4 f6 28.
exf6 Bxf6 29. Nb3 Rc3 30. Rc1 Nxg3 31. Rxc3 Ne2+ 32. Kg2 Bxc3 33. b5 d4 34. Nc5
Nxf4+ 35. Kh2 e5 36. Ne4 Ba5 37. Bb3 Bf5 38. Ng5+ Kg7 39. Nf3 Nd3 40. Bg3 Kf6
41. Bc4 Be4 42. Ng5 Nc5 43. Nh7+ Kf5 44. Bf1 Bf3 45. Ng5 e4 46. Bd6 Bb6 47. Kg3
Bg4 48. a4 d3 49. Bf4 Nb3 50. Bg2 d2 51. Bxe4+ Kf6 52. Bc2 d1=Q 53. Ne4+ Ke6
54. Bxd1 Bxd1 55. Nd6 Nd4 56. Kg2 Bc7 57. Be3 Bxd6 58. Bxd4 Bxa4 59. Bxa7 Bxb5
60. Bf2 Kf5 0-1

[Event "I ITT Escola Politécnica"]
[Site "Escola Politécnica - USP - São"]
[Date "2012.12.05"]
[Round "3.3"]
[White "Quintiliano Pinto, Renato R"]
[Black "Martins, Carlos"]
[Result "1/2-1/2"]
[WhiteElo "2243"]
[BlackElo "2241"]
[PlyCount "46"]
[EventDate "2012.12.03"]

1. d4 f5 2. Nf3 Nf6 3. g3 g6 4. Bg2 Bg7 5. O-O O-O 6. c4 d6 7. Nc3 c6 8. Rb1 a5
9. d5 e5 10. dxe6 Bxe6 11. b3 Na6 12. Bf4 Nh5 13. Bg5 Qd7 14. Qd2 f4 15. Rbd1
Nc5 16. Bxf4 Nxf4 17. gxf4 Bh3 18. Bxh3 Qxh3 19. Qxd6 Bxc3 20. Qxc5 Rxf4 21.
Kh1 Rxf3 22. exf3 Qxf3+ 23. Kg1 Qg4+ 1/2-1/2

[Event "I ITT Escola Politécnica"]
[Site "Escola Politécnica - USP - São"]
[Date "2012.12.05"]
[Round "3.4"]
[White "Villalba, Marcelo"]
[Black "Diaz Hollemaert, Nahuel"]
[Result "0-1"]
[WhiteElo "2198"]
[BlackElo "2398"]
[PlyCount "67"]
[EventDate "2012.12.03"]

1. e4 g6 2. d4 Bg7 3. Nc3 a6 4. a4 d6 5. Bc4 Nc6 6. Nf3 Nf6 7. h3 e6 8. O-O O-O
9. Be3 b6 10. Qd2 Bb7 11. Bh6 Ne7 12. Bxg7 Kxg7 13. Rfe1 d5 14. exd5 Nexd5 15.
Nxd5 exd5 16. Bd3 Qd6 17. c3 Ne4 18. Qe3 Rae8 19. Bc2 Re7 20. Nd2 Rfe8 21. Nxe4
dxe4 22. c4 f5 23. d5 Qf6 24. Qa3 f4 25. Rad1 e3 26. Re2 f3 27. Rxe3 Rxe3 28.
fxe3 Qg5 29. Qc3+ Kh6 30. Qd2 Rxe3 31. h4 Re1+ 32. Kh2 Qxd2 33. Rxd2 Re2 34.
Rd3 0-1

[Event "I ITT Escola Politécnica"]
[Site "Escola Politécnica - USP - São"]
[Date "2012.12.05"]
[Round "3.5"]
[White "Gotz, Klaus Seiji Furucho"]
[Black "Blit, Jacques"]
[Result "1-0"]
[WhiteElo "2068"]
[BlackElo "2301"]
[PlyCount "53"]
[EventDate "2012.12.03"]

1. d4 g6 2. c4 f5 3. Nc3 Nf6 4. h4 d6 5. h5 Nxh5 6. Rxh5 gxh5 7. e4 Qd7 8. Nh3
e5 9. Nd5 Bg7 10. Qxh5+ Kf8 11. Bh6 c6 12. Nf6 Qf7 13. Bxg7+ Kxg7 14. Qg5+ Qg6
15. Nh5+ Kf7 16. Qh4 Rf8 17. c5 d5 18. dxe5 Qg4 19. e6+ Kg8 20. Nf6+ Rxf6 21.
Qxf6 Qxe4+ 22. Be2 Qxe6 23. Qd8+ Kg7 24. Nf4 Qg8 25. Nh5+ Kf7 26. Qf6+ Ke8 27.
Ng7+ 1-0

[Event "I ITT Escola Politécnica"]
[Site "Escola Politécnica - USP - São"]
[Date "2012.12.06"]
[Round "4.1"]
[White "Maia, Luciano Malta"]
[Black "Blit, Jacques"]
[Result "0-1"]
[WhiteElo "2290"]
[BlackElo "2301"]
[PlyCount "80"]
[EventDate "2012.12.03"]

1. Nf3 c5 2. c4 g6 3. g3 Bg7 4. Bg2 e5 5. Nc3 d6 6. d3 Nc6 7. Nd2 f5 8. Nf1 Nf6
9. Ne3 Ne7 10. Ned5 Nexd5 11. Nxd5 O-O 12. Bg5 Be6 13. Qd2 Rb8 14. a4 Qd7 15.
Bxf6 Bxf6 16. b4 Bg7 17. Rb1 f4 18. bxc5 dxc5 19. Qa5 b6 20. Qb5 Qf7 21. O-O
Bg4 22. Bf3 Bh3 23. Rfe1 fxg3 24. hxg3 g5 25. Nc3 Kh8 26. Ne4 g4 27. Bh1 Rbd8
28. Qb3 Rd4 29. e3 Rxe4 30. Qc2 Rf4 31. exf4 exf4 32. Bd5 Qh5 33. gxf4 g3 34.
Re3 gxf2+ 35. Qxf2 Bd4 36. Rbe1 Bf5 37. Qe2 Qxe2 38. R1xe2 Re8 39. Kf2 Bxd3 40.
Kf3 Rxe3+ 0-1

[Event "I ITT Escola Politécnica"]
[Site "Escola Politécnica - USP - São"]
[Date "2012.12.06"]
[Round "4.2"]
[White "Diaz Hollemaert, Nahuel"]
[Black "Gotz, Klaus Seiji Furucho"]
[Result "1/2-1/2"]
[WhiteElo "2398"]
[BlackElo "2068"]
[PlyCount "115"]
[EventDate "2012.12.03"]

1. Nf3 Nf6 2. g3 g6 3. Bg2 Bg7 4. O-O O-O 5. c4 c6 6. a3 d5 7. b3 Ne4 8. Ra2
Bf5 9. d3 Nf6 10. Bb2 Nbd7 11. Nbd2 a5 12. Qa1 Qb6 13. h3 h5 14. cxd5 cxd5 15.
Bd4 Qa6 16. Nh4 Be6 17. f4 Bh6 18. Ndf3 Rac8 19. Kh2 Rc6 20. Bb2 Rfc8 21. Nd4
R6c7 22. Nxe6 Qxe6 23. f5 gxf5 24. Nxf5 Bf8 25. Qe1 Qb6 26. Qd2 Qxb3 27. Ba1
Rc2 28. Rxc2 Qxc2 29. Qg5+ Kh7 30. Nd4 Qa2 31. g4 Qxa3 32. Rxf6 Nxf6 33. Qf5+
Kg8 34. Qxc8 Qxa1 35. e3 hxg4 36. hxg4 Qe1 37. Nf5 Nxg4+ 38. Kh3 Nf2+ 39. Kh2
Ng4+ 40. Kh3 Nxe3 41. Nxe7+ Kg7 42. Nxd5 Nxd5 43. Qg4+ Kf6 44. Bxd5 Qe3+ 45.
Kg2 Qd2+ 46. Kh1 Bd6 47. Qh5 Qe1+ 48. Kg2 Qg3+ 49. Kh1 Qg6 50. Qh4+ Qg5 51.
Qf2+ Qf4 52. Qxf4+ Bxf4 53. Bxb7 Ke5 54. Ba6 Kd4 55. Kg2 Ke3 56. Kh3 Kf3 57.
Bb7+ Ke3 58. Kg4 1/2-1/2

[Event "I ITT Escola Politécnica"]
[Site "Escola Politécnica - USP - São"]
[Date "2012.12.06"]
[Round "4.3"]
[White "Martins, Carlos"]
[Black "Villalba, Marcelo"]
[Result "1-0"]
[WhiteElo "2241"]
[BlackElo "2198"]
[PlyCount "55"]
[EventDate "2012.12.03"]

1. e4 c5 2. Nf3 d6 3. d4 cxd4 4. Nxd4 Nf6 5. Nc3 g6 6. Be3 Bg7 7. f3 O-O 8. Qd2
Nc6 9. g4 Bd7 10. O-O-O Rc8 11. h4 Ne5 12. Be2 Qa5 13. Kb1 Nc4 14. Bxc4 Rxc4
15. Nb3 Qc7 16. e5 Ne8 17. Nd5 Qd8 18. Bg5 f6 19. Na5 Ra4 20. Nxb7 Qb8 21.
Nxe7+ Kh8 22. h5 Rf7 23. hxg6 Rxe7 24. Rxh7+ Kg8 25. exf6 Nxf6 26. Rxg7+ Kxg7
27. Qh2 Qg8 28. Qh6# 1-0

[Event "I ITT Escola Politécnica"]
[Site "Escola Politécnica - USP - São"]
[Date "2012.12.06"]
[Round "4.4"]
[White "Marques, Joao Paulo Cassemiro"]
[Black "Quintiliano Pinto, Renato R"]
[Result "0-1"]
[WhiteElo "2250"]
[BlackElo "2243"]
[PlyCount "44"]
[EventDate "2012.12.03"]

1. e4 c5 2. Nf3 d6 3. d4 cxd4 4. Nxd4 Nf6 5. Nc3 g6 6. Be3 Bg7 7. f3 O-O 8. Qd2
Nc6 9. g4 Be6 10. Nxe6 fxe6 11. O-O-O Ne5 12. Be2 Qc8 13. Bh6 Bxh6 14. Qxh6 Qc5
15. h4 Rac8 16. h5 Nf7 17. Qd2 g5 18. f4 gxf4 19. Qxf4 Ng5 20. Bc4 Nfxe4 21.
Bxe6+ Kh8 22. Bf5 e6 0-1

[Event "I ITT Escola Politécnica"]
[Site "Escola Politécnica - USP - São"]
[Date "2012.12.06"]
[Round "4.5"]
[White "Abdalla, Luiz Guilherme Aurel"]
[Black "Paveto, Kevin"]
[Result "1-0"]
[WhiteElo "2322"]
[BlackElo "2302"]
[PlyCount "87"]
[EventDate "2012.12.03"]

1. d4 Nf6 2. c4 d6 3. Nf3 Nbd7 4. Nc3 e5 5. e4 g6 6. Be2 Bg7 7. O-O O-O 8. Qc2
c6 9. d5 Qc7 10. Rd1 a6 11. Bg5 cxd5 12. cxd5 b5 13. a3 h6 14. Bd2 Bb7 15. Rac1
Rac8 16. b4 Nb6 17. Qb3 Qd7 18. Be1 Nh5 19. g3 Qh3 20. a4 bxa4 21. Nxa4 Nxa4
22. Qxa4 Rxc1 23. Rxc1 Qg4 24. Rc4 Nf4 25. Bd1 Nxd5 26. Nxe5 Qe6 27. Qd7 Bxe5
28. Qxb7 Ne3 29. Rc1 Bb2 30. Rb1 Qa2 31. Rxb2 Qxb2 32. fxe3 Qb1 33. Qd5 Rc8 34.
Kf2 Rc1 35. Ke2 Qb2+ 36. Bd2 Ra1 37. Qb3 Qe5 38. Qd5 Qb2 39. Qd4 Qb1 40. Bc3
Ra2+ 41. Kf3 Kf8 42. Qxd6+ Ke8 43. Bf6 Qxd1+ 44. Qxd1 1-0

[Event "I ITT Escola Politécnica"]
[Site "Escola Politécnica - USP - São"]
[Date "2012.12.07"]
[Round "5.1"]
[White "Paveto, Kevin"]
[Black "Maia, Luciano Malta"]
[Result "1-0"]
[WhiteElo "2302"]
[BlackElo "2290"]
[PlyCount "115"]
[EventDate "2012.12.03"]

1. e4 e5 2. Bc4 Nf6 3. Nc3 Nxe4 4. Qh5 Nd6 5. Bb3 Be7 6. Qxe5 O-O 7. Nge2 Nc6
8. Qf4 Bg5 9. Qf3 b6 10. d4 Bxc1 11. Rxc1 Ba6 12. O-O Qg5 13. Rfd1 Rae8 14. Qf4
Qa5 15. Ng3 Ne7 16. Qe5 Nc6 17. Qxa5 Nxa5 18. Nd5 Bb7 19. Nxc7 Rb8 20. Bd5 Nc6
21. Bf3 Nb4 22. c3 Bxf3 23. gxf3 Nc6 24. Nd5 b5 25. f4 f5 26. f3 g6 27. Kf2 Nd8
28. h4 h5 29. Rg1 Kf7 30. Rce1 Ne6 31. Ne2 Rfc8 32. Nc1 Ne8 33. Nd3 d6 34. Re2
N8g7 35. Rge1 Rb7 36. Kg3 a5 37. a3 Re8 38. Nf2 b4 39. axb4 axb4 40. Nxb4 Nxd4
41. Rxe8 Nxe8 42. Nfd3 Nb3 43. Nc6 Rd7 44. Ndb4 Nc7 45. Rd1 Ke6 46. c4 Nc5 47.
Nd4+ Kf7 48. Nbc6 N5e6 49. Nb8 Rd8 50. Ndc6 Rc8 51. Rxd6 Nf8 52. Ne5+ Ke7 53.
Rb6 Na8 54. Rb7+ Kf6 55. Nbd7+ Nxd7 56. Nxd7+ Ke6 57. Nb6 Rc7 58. Rb8 1-0

[Event "I ITT Escola Politécnica"]
[Site "Escola Politécnica - USP - São"]
[Date "2012.12.07"]
[Round "5.2"]
[White "Quintiliano Pinto, Renato R"]
[Black "Abdalla, Luiz Guilherme Aurel"]
[Result "1-0"]
[WhiteElo "2243"]
[BlackElo "2322"]
[PlyCount "85"]
[EventDate "2012.12.03"]

1. d4 d5 2. c4 c6 3. Nf3 Nf6 4. Nc3 dxc4 5. a4 Bf5 6. e3 Nbd7 7. Bxc4 e6 8. O-O
Bb4 9. Qe2 O-O 10. e4 Bg4 11. Rd1 Qa5 12. e5 Nd5 13. Nxd5 cxd5 14. Bd3 Qd8 15.
Bf4 Qe7 16. Rac1 Rfc8 17. h3 Bh5 18. g4 Bg6 19. Bxg6 fxg6 20. Qb5 Nb6 21. Bd2
Bxd2 22. Nxd2 Rxc1 23. Rxc1 Qg5 24. Rd1 h5 25. a5 hxg4 26. h4 Qxh4 27. axb6 g3
28. Nf3 Qg4 29. Qd3 axb6 30. Kg2 gxf2+ 31. Kxf2 Rf8 32. Rg1 Qe4 33. Qc3 g5 34.
Rxg5 Qh4+ 35. Rg3 Qh2+ 36. Rg2 Qh4+ 37. Kg1 Qe4 38. Rg3 Ra8 39. Kh2 Qe2+ 40.
Rg2 Qe4 41. Ng5 Qf5 42. Qh3 Qxh3+ 43. Kxh3 1-0

[Event "I ITT Escola Politécnica"]
[Site "Escola Politécnica - USP - São"]
[Date "2012.12.07"]
[Round "5.3"]
[White "Villalba, Marcelo"]
[Black "Marques, Joao Paulo Cassemiro"]
[Result "1/2-1/2"]
[WhiteElo "2198"]
[BlackElo "2250"]
[PlyCount "128"]
[EventDate "2012.12.03"]

1. c4 e5 2. g3 Nf6 3. Bg2 d5 4. cxd5 Nxd5 5. Nf3 Nc6 6. O-O Nb6 7. b3 g5 8. d4
Nxd4 9. Nxd4 exd4 10. a4 Bg7 11. a5 Nd5 12. Bb2 Nc3 13. Qd2 O-O 14. a6 Rb8 15.
Ra5 h6 16. axb7 Bxb7 17. Nxc3 Bxg2 18. Kxg2 dxc3 19. Bxc3 Qxd2 20. Bxd2 Rxb3
21. Rxa7 Rb2 22. Be3 Rc8 23. Rc1 Be5 24. Ra5 f6 25. Kf1 Kh7 26. Rd5 Ra8 27. Rd2
Rxd2 28. Bxd2 Ra4 29. Rc6 Ra1+ 30. Rc1 Ra2 31. Bc3 Bxc3 32. Rxc3 Ra7 33. g4 Kg6
34. Rc6 Rb7 35. Kg2 Rb4 36. f3 Rb7 37. Kg3 Ra7 38. h4 Rb7 39. h5+ Kf7 40. e3
Ra7 41. f4 Rb7 42. Kf3 Ra7 43. fxg5 hxg5 44. Ke4 Ra4+ 45. Kf3 Ra7 46. e4 Ra3+
47. Kf2 Ra2+ 48. Ke3 Ra3+ 49. Kd4 Rg3 50. Rxc7+ Ke6 51. Rc6+ Kf7 52. Kd5 Rd3+
53. Kc4 Rg3 54. Kd5 Rd3+ 55. Kc4 Rg3 56. e5 Rxg4+ 57. Kd5 fxe5 58. Kxe5 Rf4 59.
Rg6 Ra4 60. Kf5 Ra5+ 61. Kg4 Rb5 62. Ra6 Kg7 63. Rg6+ Kh7 64. Rxg5 Rxg5+
1/2-1/2

[Event "I ITT Escola Politécnica"]
[Site "Escola Politécnica - USP - São"]
[Date "2012.12.07"]
[Round "5.4"]
[White "Gotz, Klaus Seiji Furucho"]
[Black "Martins, Carlos"]
[Result "0-1"]
[WhiteElo "2068"]
[BlackElo "2241"]
[PlyCount "114"]
[EventDate "2012.12.03"]

1. d4 d6 2. c4 f5 3. Nc3 Nf6 4. Bg5 Nbd7 5. Qc2 g6 6. h4 h6 7. Bxf6 Nxf6 8. Nh3
e5 9. O-O-O Qe7 10. dxe5 dxe5 11. f3 Bd7 12. e3 O-O-O 13. Be2 Qg7 14. Rd3 e4
15. fxe4 fxe4 16. Rd2 Bc5 17. Nd1 Bf5 18. Rxd8+ Rxd8 19. Qc3 Qe7 20. a3 h5 21.
Nf4 c6 22. Nf2 Nd7 23. g3 Ne5 24. Rd1 Nd3+ 25. N2xd3 Bxe3+ 26. Kc2 exd3+ 27.
Bxd3 Bxf4 28. Bxf5+ gxf5 29. Rxd8+ Qxd8 30. gxf4 Qxh4 31. Qe5 Qf2+ 32. Kb3 Qf3+
33. Kb4 Qe4 34. Qh8+ Kc7 35. Qxh5 Qxf4 36. Qf7+ Kb6 37. Qf8 a5+ 38. Kc3 Qe3+
39. Kc2 Qe4+ 40. Kc3 Qe3+ 41. Kc2 f4 42. b4 Qe2+ 43. Kc3 Qe1+ 44. Kc2 Qe4+ 45.
Kc3 axb4+ 46. axb4 Qe3+ 47. Kc2 Qe4+ 48. Kc3 Qe5+ 49. Kc2 Ka7 50. c5 Qe4+ 51.
Kc3 Qe1+ 52. Kb3 Qd1+ 53. Kc3 f3 54. Qf7 Qe1+ 55. Kc2 Qe2+ 56. Kc3 f2 57. Qc7
Qb5 0-1

[Event "I ITT Escola Politécnica"]
[Site "Escola Politécnica - USP - São"]
[Date "2012.12.07"]
[Round "5.5"]
[White "Blit, Jacques"]
[Black "Diaz Hollemaert, Nahuel"]
[Result "0-1"]
[WhiteElo "2301"]
[BlackElo "2398"]
[PlyCount "70"]
[EventDate "2012.12.03"]

1. e4 c5 2. Nf3 Nc6 3. Nc3 a6 4. d4 cxd4 5. Nxd4 e6 6. Be2 Qc7 7. O-O Nf6 8.
Be3 Bb4 9. Na4 O-O 10. Nxc6 bxc6 11. Nb6 Rb8 12. Nxc8 Rfxc8 13. Bxa6 Rf8 14.
Bd3 Bd6 15. g4 Bxh2+ 16. Kg2 Bf4 17. g5 Ne8 18. Rh1 Bxe3 19. fxe3 Qe5 20. Qh5
h6 21. gxh6 Qxh5 22. Rxh5 Rxb2 23. hxg7 Nxg7 24. Rc5 Ra8 25. a4 Ne8 26. a5 Kf8
27. Rf1 Ra2 28. a6 Nc7 29. Rh5 Ke7 30. Rh7 Rf8 31. e5 Nxa6 32. Bg6 Kd8 33. Bxf7
Rxc2+ 34. Kg3 Nc5 35. Rd1 Kc7 0-1